Mitología universal: todas las mitologías y sus maravillosas leyendas
Zapisane w:
| 1. autor: | |
|---|---|
| Format: | Książka |
| Język: | hiszpański |
| Wydane: |
Madrid
Ediciones Ibéricas
1960
|
| Wydanie: | 2a. ed |
| Hasła przedmiotowe: | |
| Etykiety: |
Dodaj etykietę
Nie ma etykietki, Dołącz pierwszą etykiete!
|
MARC
| LEADER | 00000cam a2200000 a 4500 | ||
|---|---|---|---|
| 001 | UCF8498 | ||
| 003 | CL-VaPUC | ||
| 008 | 130829e19600000sp |||||||||||||||||spa|d | ||
| 082 | 0 | 4 | |a 291.13 |b BER |2 21 |
| 100 | 0 | |a Bergua, Juan B |e author |9 570591 | |
| 245 | 1 | 0 | |a Mitología universal: todas las mitologías y sus maravillosas leyendas |
| 250 | |a 2a. ed | ||
| 300 | |a t | ||
| 942 | |c BK | ||
| 945 | |d 20130829 16:45:00 |a dcastane | ||
| 260 | |a Madrid |b Ediciones Ibéricas |c 1960 | ||
| 500 | |a t.2: mitologías africanas. Mitologías de América del Norte, Centro y Sur. Mitologías de las islas de Oceanía. Notas. Indice diccionario mitológico. Indices particulares. Indice general | ||
| 650 | 0 | |a Mitología |9 255719 | |
| 650 | 0 | |a Mitología clásica |9 265586 | |
| 650 | 0 | |a Dioses |9 265645 | |
| 583 | |a last modification |c 20130829 16:45:00 |k Rodrigo Vera | ||
| 999 | |c 353069 |d 353067 | ||
| 952 | |0 0 |1 0 |3 erb |4 0 |6 291_130000000000000_BER_1960 |7 0 |8 X |9 457965 |a FDOBUD |b FDOBUD |d 2019-11-23 |h t.2 |i 4998189 |o 291.13 BER 1960 |p 4998189 |r 2019-11-23 |w 2019-11-23 |y BK_X |z Catalogado en:20130829 |k BUD | ||